00425nam a22001457a 4500008004100000020002200041040005500063080001900118245003800137260003300175300001600208650001400224653001500238700002600253230515b |||||||| |||| 00| 0 eng d a978-94-017-8028-5 aNational Science LibrarycNational Science Library a551.4(540)bQ4 aLandscapes and landforms of India aNew York: bSpringer, c2014 axiii, 271p. aGeography aLandscapes aKale, Vishwas S (Ed.)